Football Clubs A-Z: Germany - Statistics

General Stats
  • This quiz has been taken 831 times
  • The average score is 11 of 19
Answer Stats
Letter Answer % Correct
B Bayer Leverkusen, Bayern München, SpVgg Bayreuth, VfL Bochum, Borussia Dortmund, Borussia Dortmund II, Borussia Mönchengladbach, Eintracht Braunschweig, Werder Bremen
99%
H Hallescher FC, Hamburger SV, Hannover 96, 1. FC Heidenheim, Hertha BSC, 1899 Hoffenheim
88%
F Eintracht Frankfurt, SC Freiburg, SC Freiburg II, Greuther Fürth
84%
D Darmstadt 98, Dynamo Dresden, MSV Duisburg, Fortuna Düsseldorf
83%
A Arminia Bielefeld, Erzgebirge Aue, FC Augsburg
80%
K 1. FC Kaiserslautern, Karlsruher SC, Holstein Kiel, 1. FC Köln, Viktoria Köln
79%
S 1. FC Saarbrücken, SV Sandhausen, Schalke 04, FC St. Pauli, VfB Stuttgart
77%
M 1. FC Magdeburg, Mainz 05, Waldhof Mannheim, SV Meppen, 1860 München
75%
W Wehen Wiesbaden, VfL Wolfsburg
66%
N 1. FC Nürnburg
63%
L RB Leipzig
63%
E SV Elversberg, Rot-Weiss Essen
54%
I FC Ingolstadt
50%
U Union Berlin
46%
R Jahn Regensburg, Hansa Rostock
38%
O Vfb Oldenburg, VfL Osnabrück
34%
P SC Paderborn
31%
Z FSV Zwickau
22%
V SC Verl
12%
No matching quizzes found
Score Distribution
Percent of People with Each Score
Percentile by Number Answered
Your Score History
You have not taken this quiz